| 000 | 00000nam##2200000za#4500 |
| 001 | 9.648303 |
| 003 | CaOODSP |
| 005 | 20241126133837 |
| 007 | ta |
| 008 | 150407|2002||||xxc||||| f|0| 0 eng|d |
| 020 | |a0-660-18615-2 |
| 040 | |aCaOODSP|beng |
| 043 | |an-cn--- |
| 086 | 1 |aS2-211/2002E |
| 110 | 1 |aCanada. |bCanadian Heritage. |
| 245 | 10|aSymbols of Canada |
| 260 | |aOttawa - Ontario : |bCanadian Heritage |c2002. |
| 300 | |a59p. : |bcoloured illus. ; |c28 cm. + |e1 poster. |
| 500 | |aDid you know that "Canada" comes from the Huron-Iroquois word "Kanata," meaning "village"? How much do you know about the provincial and territorial symbols from the Puffin in Newfoundland to the Yukon Tartan? The revised edition of Symbols of Canada includes new symbols and shares the story of our nation, people, environment and history through our symbols. The people and history which characterize Canada are as diverse as the majestic land itself. While our symbols celebrate our differences, they also unite all Canadians in unity and pride. All symbols are displayed in full colour with explanations regarding their meaning and origin. Some of the national, provincial, and territorial symbols displayed include: National flag, anthems, sports medals, coins, stamps, animals, Provincial and Territorial origin of name, history, coat of arms, motto, flag, floral emblem and other symbols (tartan, tree, bird and others). In addition, Symbols of Canada also features sections detailing Canada and the Crown, the Commonwealth, la Francophonie, Historical Flags and Historical Boundaries. Symbols of Canada is an ideal resource or teaching tool and comes complete with a 61 cm x 80 cm full-colour wall poster, activity suggestions and planning sheets. Fascinating information and a colourful, fun-to-read-format create an educational publication which inspires pride in Canadians both young and old. |
| 520 | 3 |aThis book contains colour illustrations of symbols that reflect the history, people, environment, and traditions of Canada and its provinces and territories, as well as the Crown in Canada. The book provides brief histories for each area, along with maps, statistics, coats of arms, mottos, flags, and other symbols. All the symbols are included in a large, folded poster insert. Includes activities for teachers. |
| 563 | |aSoftcover |
| 590 | |a02-51|b2002-12-27 |
| 690 | 07|aNational symbols|2gcpds |
| 690 | 07|aFlags|2gcpds |
| 775 | 08|tLes symboles du Canada |w(CaOODSP)9.681603 |
| 776 | 0#|tSymbols of Canada.|w(CaOODSP)9.945592 |